| 000 | 02613cam a2200457 i 4500 | ||
|---|---|---|---|
| 001 | 17431189 | ||
| 003 | OSt | ||
| 005 | 20180117085940.0 | ||
| 008 | 120815s2013 nyua b 001 0 eng | ||
| 010 | _a 2012025876 | ||
| 020 | _a9780789035271 (hbk) | ||
| 020 | _a9780789035288 (pbk) | ||
| 020 | _z9780203075814 (ebk) | ||
| 040 |
_aDLC _beng _cDLC _erda _dDLC |
||
| 042 | _apcc | ||
| 050 | 0 | 0 |
_aRM316 _b.B75 2013 |
| 082 | 0 | 0 |
_a362.29 _223 |
| 084 |
_aPSY020000 _aPSY036000 _aPSY038000 _2bisacsh |
||
| 100 | 1 |
_aBrick, John, _d1950- _eauthor. |
|
| 245 | 1 | 0 |
_aDrugs, the brain, and behavior : _bthe pharmacology of drug use disorders / _cJohn Brick and Carlton K. Erickson. |
| 250 | _aSecond edition. | ||
| 300 |
_axv, 207 pages : _billustrations ; _c23 cm |
||
| 504 | _aIncludes bibliographical references (pages 189-201) and index. | ||
| 520 | _a"Drugs, the Brain, and Behavior uses a balance of instruction, illustrations, and tables and formulas that will give you a broad, lasting introduction to this intriguing subject. Whether you're a nurse, chemical dependency counselor, psychologist, or clinician, this book will be a quick reference guide long after the first reading"-- | ||
| 650 | 0 |
_aDrugs of abuse _xPhysiological effect. |
|
| 650 | 0 | _aNeuropharmacology. | |
| 650 | 0 | _aNeurophysiology. | |
| 650 | 7 |
_aPSYCHOLOGY / Neuropsychology. _2bisacsh |
|
| 650 | 7 |
_aPSYCHOLOGY / Mental Health. _2bisacsh |
|
| 650 | 7 |
_aPSYCHOLOGY / Psychopathology / Addiction. _2bisacsh |
|
| 700 | 1 |
_aErickson, Carlton K., _eauthor. |
|
| 906 |
_a7 _bcbc _corignew _d1 _eecip _f20 _gy-gencatlg |
||
| 942 |
_2ddc _cBK |
||
| 999 |
_c2425 _d2425 |
||